00491nam a2200193 a 4500001001300000003000900013005001700022008004100039020001000080082001800090100002100108245001600129260003400145300000900179500003500188505001300223650004000236700002100276nice12345678IN_TiNIC20260116015150.0050524s1910 laha grp 000 0 urd  ac10000a297.1229bINS aInshaullah, Mohd aAal-E-Imran aLahorebHameedia Agencyc1910 a432p aincludes index and biblioraphy2 aAppendix aQuran-Surah Aal-E-Imran-Hermaneutix1 aInshaullah, Mohd